[Event "HUN-ch Rapid 2020"]
[Site "Ajka"]
[Date "2020.07.19"]
[Round "11.7"]
[White "Emodi, Barnabas"]
[Black "Czebe, Attila"]
[Result "1/2-1/2"]
[WhiteElo "2352"]
[BlackElo "2378"]
[Annotator "TA"]
[PlyCount "89"]
[EventDate "2020.07.17"]
[EventType "rapid"]
[EventCountry "HUN"]
[SourceTitle "playchess.com"]
[Source "ChessBase"]
[SourceQuality "1"]

{[%evp 19,89,29,45,6,4,-36,-13,-44,27,29,43,42,55,43,50,25,81,35,75,61,60,37,45,36,42,37,60,64,59,58,187,197,359,356,339,347,321,233,235,229,256,159,134,0,240,195,233,207,241,232,217,229,236,221,278,237,220,219,212,205,152,0,0,0,0,9,9,13,42,0,53,-16]} 1. d4 d6 2. e4 g6 3. Nf3 Nf6 4. Bd3 Bg7 5. h3 O-O 6. O-O Nbd7 7. c3 e5 8. Re1 c6 9. a4 Qc7 10. Nbd2 Re8 11. Bc2 {B07: Pirc Defence: Miscellaneous Systems.} b6 {[#]} 12. b3 $146 {[%cal Bb2b3,Bb3b4][%mdl 32]} ({Predecessor:} 12. dxe5 dxe5 13. Nh2 Ba6 14. Qf3 Rad8 15. b4 Nf8 16. a5 Bb7 17. axb6 axb6 18. Nc4 Ne6 {½-½ (39) Morawietz,D (2413)-Abbasov,F (2507) Bad Wiessee 2007}) 12... Bb7 13. dxe5 {The position is equal.} dxe5 (13... Nxe5 $15 14. Nxe5 dxe5) 14. Nc4 $11 Bf8 15. b4 Rad8 16. Qe2 Nh5 17. g3 Bg7 (17... h6 $11 {keeps the balance.}) 18. Bb3 Nf8 19. Bg5 Rd7 20. Red1 {Rxd7 is the strong threat.} Bc8 $1 21. Kh2 h6 22. Be3 $36 {[%mdl 2048] White has good play.} Kh7 23. Rxd7 Qxd7 24. Ng1 Qe7 (24... Qc7 $14) 25. a5 $18 b5 $2 (25... Be6 26. axb6 axb6 27. Bxb6 Nd7) 26. Bc5 Qc7 27. Nd6 {[%mdl 64] Double Attack} Rd8 28. Nxc8 Rxc8 29. Rd1 a6 30. Qa2 Nf6 31. Qe2 ({White should try} 31. f3 $16) 31... Kg8 $2 (31... Nh5 $1 $11) 32. Bd6 Qa7 33. Kg2 ({Don't do} 33. Bxe5 $6 Ng4+ 34. hxg4 (34. Qxg4 Qxf2+ 35. Kh1 Bxe5 $16) 34... Bxe5) 33... Ne8 34. Bc5 Qb7 35. Nf3 Nd7 36. Be3 Nef6 37. Qa2 Rf8 {[#]} 38. Nh4 $1 {Black must now prevent f3.} Nxe4 39. Nxg6 $1 Nxc3 {[#]} 40. Nxf8 ({Only move:} 40. Ne7+ $1 $16 Kh8 41. Qd2 c5+ 42. Bd5 Nxd5 43. Qxd5 Qxd5+ 44. Rxd5) 40... Nxf8 $11 41. Qd2 Nxd1 42. Qxd1 Qd7 43. Qh5 Qb7 44. Qd1 {[%mdl 1024] White has compensation.} Qe7 (44... Qd7 $1 $11) 45. Qc1 {Black defended with fortune. Accuracy: White = 54%, Black = 51%.} (45. Ba2 $14) 1/2-1/2

[Event "HUN-ch Rapid 2020"]
[Site "Ajka"]
[Date "2020.07.19"]
[Round "11.8"]
[White "Farago, Sandor"]
[Black "Aczel, Gergely"]
[Result "0-1"]
[WhiteElo "2218"]
[BlackElo "2511"]
[Annotator "TA"]
[PlyCount "116"]
[EventDate "2020.07.17"]
[EventType "rapid"]
[EventCountry "HUN"]
[SourceTitle "playchess.com"]
[Source "ChessBase"]
[SourceQuality "1"]

{[%evp 15,116,8,0,0,105,90,118,38,47,10,30,0,0,-18,-8,-6,-8,-33,32,-91,-70,-78,-61,-133,-106,-118,-120,-118,-99,-146,-102,-152,-161,-152,-132,-153,-125,-451,-175,-166,-175,-176,-168,-169,-185,-172,-181,-173,-177,-245,-246,-289,-250,-400,-395,-377,-365,-395,-395,-591,-585,-575,-575,-668,-647,-752,-756,-687,-716,-729,-702,-835,-772,-1311,-1308,-1317,-1331,-1173,-1169,-6111,-7200,-29977,-29978,-29975,-29975,-29982,-29982,-29982,-29983,-29985,-29982,-29989,-29985,-29985,-29985,-29985,-29986,-29986,-29987,-29987,-29988,-29987,-29988]} 1. e4 c5 2. Nf3 d6 3. d4 cxd4 4. Nxd4 Nf6 5. Nc3 a6 6. Bg5 e6 7. Qd2 h6 8. Bxf6 {The main line 8.Bxf6 scores better than 8.Be3.} Qxf6 9. O-O-O {B95: Sicilian Najdorf: 6 Bg5 e6, unusual White 7th moves.} g5 (9... Nc6 $11) 10. g3 {[#]} Bd7 $146 ({Predecessor:} 10... Nc6 11. Nxc6 bxc6 12. e5 Qxe5 13. Bg2 d5 14. Rhe1 Qd6 15. Ne4 Qb4 16. Nf6+ Kd8 {0-1 (38) Lutvak-Grinberg,R Buenos Aires 1975}) 11. Bg2 (11. f4 $16) 11... Nc6 $1 $14 12. Nxc6 Bxc6 13. Rhe1 {And now e5! would win.} O-O-O 14. Kb1 Bg7 15. Re3 g4 16. Rd3 h5 {[#]} (16... Qg5 $15) 17. Qe3 (17. e5 $1 $14 {[%mdl 512]} Qxe5 (17... dxe5 18. Bxc6) 18. Bxc6 bxc6 19. Na4) 17... Qe5 $17 18. f4 gxf3 $1 19. Bxf3 (19. Qxf3 $15 f5 20. Qf4) 19... h4 20. Qb6 hxg3 21. hxg3 Qc5 ({Weaker is} 21... Qxg3 {[#]} 22. e5 $1 $16 {[%mdl 512]}) 22. Qb3 Be5 23. Ne2 Bb5 {...Bc4 is the strong threat.} 24. R3d2 Bc4 25. Qa4 Rh2 {Threatens to win with ...Rf2.} 26. a3 $2 {[%mdl 8192] Now White is beyond hope.} (26. c3 $17) 26... Bb5 $2 (26... Rf2 27. Bg4 Rg8) 27. Qb4 $19 Qxb4 $40 {[%mdl 128] Black has strong attack.} 28. axb4 Rf2 29. Ng1 Rxd2 30. Rxd2 Bxg3 31. Rg2 Be5 32. Ne2 (32. Bh5 {keeps fighting.}) 32... Rh8 33. Ka2 Kd7 34. b3 (34. Nc1 $142) 34... Rh1 {[%csl Ge5][%cal Rh1a1]} 35. Ng1 Ke7 36. c4 Bc6 37. Rg8 (37. Ka3 $142) 37... Rh2+ 38. Rg2 f5 39. b5 axb5 40. cxb5 Rxg2+ 41. Bxg2 Bxe4 {[%mdl 4096] Endgame KBB-KBN} 42. Bf1 d5 43. Be2 Kd6 44. b4 d4 45. Kb3 Bd5+ 46. Kc2 Bf6 47. Bd3 Be4 48. Nh3 Bxd3+ {Black mates.} 49. Kxd3 {KB-KN} e5 50. Kc4 b6 51. Ng1 e4 52. Ne2 Be5 53. Ng1 f4 54. Nh3 Ke6 55. Nf2 Kf5 56. Kd5 e3 57. Nd3 f3 58. Nxe5 f2 {Accuracy: White = 41%, Black = 78%.} 0-1

[Event "HUN-ch Rapid 2020"]
[Site "Ajka"]
[Date "2020.07.19"]
[Round "11.9"]
[White "Karacsonyi, Gellert"]
[Black "Horvath, Adam"]
[Result "0-1"]
[WhiteElo "2292"]
[BlackElo "2488"]
[Annotator "TA"]
[PlyCount "152"]
[EventDate "2020.07.17"]
[EventType "rapid"]
[EventCountry "HUN"]
[SourceTitle "playchess.com"]
[Source "ChessBase"]
[SourceQuality "1"]

{[%evp 12,152,37,18,41,25,33,16,16,0,38,0,19,20,33,14,13,4,11,4,3,7,37,6,12,15,24,32,45,43,64,45,45,36,39,20,55,41,48,31,47,3,50,31,57,25,62,52,72,47,64,47,157,155,317,302,245,22,33,0,24,15,15,15,17,25,0,0,6,0,13,0,0,0,28,0,25,26,25,0,8,0,14,0,16,0,0,0,0,0,0,0,0,-242,0,0,0,0,0,0,0,0,0,-672,-783,-737,-719,-695,-689,-620,-601,-584,-584,-535,-360,-540,-506,-1204,-553,-2527,-2432,-12821,-12822,-5506,-5473,-12822,-12822,-1325,0,-29974,-29975,-29973,-29975,-29975,-29977,-29980,-29981,-29981,-29982,-29982,-29976,-29984,-436]} 1. e4 c5 2. Nf3 e6 3. d4 cxd4 4. Nxd4 Nc6 5. Nc3 Qc7 6. Be3 a6 7. a3 {7.Qf3 is becoming the main line.} Be7 {B48: Sicilian: Taimanov: 5 Nc3 Qc7 6 Be3 a6 without Be2.} 8. f4 b5 9. Nxc6 dxc6 {The position is equal.} 10. e5 {[#]} Bb7 $146 ({Predecessor:} 10... Nh6 11. Bd3 Bb7 12. Qf3 c5 {½-½ (12) Stefansson,H (2514)-Iturrizaga Bonelli,E (2640) Lisbon 2019}) 11. Bd3 c5 12. Be4 f5 13. Bxb7 Qxb7 14. O-O Nh6 15. Qh5+ Nf7 16. a4 {Strongly threatening axb5.} O-O 17. Qe2 {[%cal Ra4b5]} b4 18. Nb1 {[%cal Bc3b1,Bb1d2,Bd2c4][%mdl 32]} Rad8 19. Nd2 Rd5 20. Nc4 Kh8 21. h3 Nd8 22. Qf3 Nc6 23. b3 Rfd8 24. Rad1 Qc7 25. Kh1 R8d7 26. Nb2 Qd8 27. Qe2 $36 {[%mdl 2048] White has some pressure.} Qa8 28. Kh2 Bf8 29. Nc4 Qb8 30. Rg1 Qd8 {[%cal Rd5d1]} 31. Nb2 Nd4 (31... Qc8 $14) 32. Bxd4 Rxd4 $2 (32... cxd4 $16 33. Qxa6 Qe8) 33. Rxd4 $18 Rxd4 34. Rd1 $2 (34. Qxa6 $18 Rd2 35. Qxe6) 34... g6 35. g3 Qd5 36. Rxd4 Qxd4 37. Nc4 Be7 38. Qd2 Qe4 39. Qg2 {aiming for Qxe4.} Qd4 40. Qd2 Qe4 41. h4 Kg7 42. Ne3 Kh6 43. Qd3 Qc6 44. Nc4 Kg7 45. Nd2 Kf7 46. Nc4 h6 47. Nd2 g5 48. hxg5 hxg5 49. Qe2 Qd5 50. Qh5+ Kg7 51. Nf3 g4 52. Ng5 $2 (52. Qe8 $11 {and White stays safe.} gxf3 53. Qxe7+ Kh8 54. Qd6) 52... Qd2+ $2 (52... Bxg5 $1 $19 53. Qxg5+ Kf7 54. Qh5+ Kf8 55. Qh6+ Ke8 56. Qg6+ Kd7 57. Qf7+ Kc6 58. Qe8+ Kb7) 53. Kh1 {Intending Qh7+ and mate.} Qd1+ 54. Kh2 {Threatening mate with Qh7+.} Qxc2+ 55. Kh1 Qd1+ 56. Kh2 {Qh7+ would kill now.} Qd2+ 57. Kh1 $2 {[%mdl 8192]} (57. Kg1 $11 Qe1+ 58. Kh2 Qf2+ 59. Kh1 Qf1+ 60. Kh2 Qf2+ 61. Kh1 Bxg5 62. Qxg5+ Kh8 63. Qh6+ {[%mdl 64] Double Attack} Kg8 64. Qxe6+ Kh8 65. Qf6+ (65. Qxa6 Qf3+ 66. Kh2 Qf2+ 67. Kh1 Qxg3 $11) 65... Kg8 66. Qg6+ (66. Qxf5 Qf1+ 67. Kh2 Qh3+ 68. Kg1 Qxg3+ {[%mdl 64] Double Attack} 69. Kf1 Qxb3 $11) (66. Qxa6 Qf3+ 67. Kh2 Qf2+ 68. Kh1 Qf3+ 69. Kh2 Qf2+ 70. Kh1 $11) 66... Kh8 67. Qh6+ (67. Qxa6 Qf3+ 68. Kh2 Qf2+ 69. Kh1 Qf3+ 70. Kh2 Qf2+ 71. Kh1 $11) 67... Kg8 68. Qg6+ (68. Qxa6 Qf3+ 69. Kh2 Qf2+ 70. Kh1 Qf3+ 71. Kh2 Qf2+ 72. Kh1 $11) 68... Kh8 69. Qxf5 Qf1+ 70. Kh2 Qh3+ 71. Kg1 Qxg3+ {[%mdl 64] Double Attack} 72. Kf1) 57... Qd5+ $19 58. Kh2 Bxg5 $1 59. Qxg5+ {[%mdl 4096] Endgame KQ-KQ} Kf7 60. Qh5+ Ke7 61. Qh7+ Kd8 62. Qa7 Qc6 63. Qb8+ {[#]} (63. Qf7 $142 Qd5 64. Kg1) 63... Kd7 $1 64. Qa7+ (64. a5 $142 c4 65. bxc4 Qxc4 66. Qb7+ Ke8 67. Qb8+ Kf7 68. Qb7+ Kg6 69. Qb6) 64... Kc8 (64... Qc7 $142 65. Qxa6 {[#]} c4 $1 {[%mdl 512]} 66. bxc4 Qb8) 65. Qe7 {and the idea Qf8+ leaves White hopeful.} a5 66. Qf8+ Kb7 67. Qe7+ Ka6 68. Qd8 c4 69. bxc4 Qxc4 $2 (69... b3 $19 {Hoping for ...b2.} 70. Qd4 Qb7) 70. Qd6+ $2 {[%mdl 8192]} (70. Qa8+ $11 Kb6 71. Qb8+ Kc6 72. Qd6+ Kb7 73. Qd7+ Kb6 74. Qd8+ Qc7 75. Qe8 Qc2+ 76. Kg1 Qd1+ 77. Kh2 Qc2+ 78. Kg1 Qd1+ 79. Kg2 Qf3+ 80. Kh2 Qf2+ 81. Kh1 Qf1+ 82. Kh2 Qh3+ 83. Kg1 Qxg3+ {[%mdl 64] Double Attack} 84. Kh1 Qf3+ 85. Kg1 Qd1+ 86. Kf2 g3+ {[%mdl 64] Decoy} 87. Kxg3 Qg4+ 88. Kh2 Qxf4+ {[%mdl 64] Double Attack} 89. Kh3 Qxe5 90. Qd8+ Kc6 91. Qa8+ Kd6 92. Qd8+ Kc6 93. Qa8+ Kd6 94. Qd8+ Kc6) 70... Kb7 {Black mates.} 71. Qd7+ Kb6 72. Qd6+ Qc6 73. Qd4+ Kb7 74. Qd3 Qd5 75. Qc2 Qd4 76. Qb3 Qf2+ {What a bad dream for White. Accuracy: White = 65%, Black = 73%.} 0-1

[Event "HUN-ch Rapid 2020"]
[Site "Ajka"]
[Date "2020.07.19"]
[Round "11.10"]
[White "Kaczur, Florian"]
[Black "Fancsy, Imre"]
[Result "1-0"]
[WhiteElo "2507"]
[BlackElo "2352"]
[Annotator "TA"]
[PlyCount "95"]
[EventDate "2020.07.17"]
[EventType "rapid"]
[EventCountry "HUN"]
[SourceTitle "playchess.com"]
[Source "ChessBase"]
[SourceQuality "1"]

{[%evp 14,95,25,2,31,31,37,14,17,8,8,-2,27,21,22,29,22,26,27,21,28,14,45,19,22,12,30,22,48,43,59,60,66,66,65,64,63,48,49,54,95,57,54,34,44,23,52,0,0,0,143,140,205,202,312,310,398,216,186,152,304,293,288,124,593,570,514,393,378,358,537,269,620,615,708,333,333,333,12836,12836,12837,12837,12835,12825]} 1. e4 c5 2. Ne2 e6 3. Nbc3 a6 4. d4 cxd4 5. Nxd4 Qc7 6. g3 Bb4 7. Bd2 Nf6 8. Bg2 Be7 {B43: Sicilian: Kan Variation: 5 Nc3.} 9. O-O Nc6 10. Nxc6 dxc6 {The position is equal.} 11. Qe2 e5 12. a4 O-O 13. a5 Bg4 14. f3 {[#]} Be6 $146 ({Predecessor:} 14... Bc5+ 15. Be3 Bxe3+ 16. Qxe3 Be6 17. Na4 Rad8 18. Nb6 Nd7 19. Rfd1 Nxb6 20. Qxb6 Qxb6+ 21. axb6 {0-1 (35) Fatin,T-Moraza,M (2205) Valetta 1980}) 15. Na4 Nd7 16. Qe3 Rad8 17. Rfd1 f6 18. b3 h6 19. Be1 Kh7 20. Qc3 Rfe8 21. Bf2 Qc8 22. Bf1 Nf8 23. Bc5 Rxd1 24. Rxd1 Rd8 25. Rd3 Rxd3 26. Bxd3 Qc7 27. Kg2 Bc8 28. Bc4 Bxc5 29. Nxc5 Qd6 30. b4 (30. Qe3 $14) 30... Qd1 $1 $11 31. Qd3 Qxd3 (31... Qe1 $11) 32. cxd3 {[%mdl 4096] Endgame KBN-KBN} ({Don't take} 32. Bxd3 $6 Ne6 $14) ({Much worse is} 32. Nxd3 $6 Be6 $11) 32... g5 {[#]} (32... Nd7 $16 {might work better.}) 33. Kf2 $1 $18 Kg6 (33... Nd7 $142 34. Ne6 b5) 34. Ke3 f5 35. d4 (35. exf5+ $142 Kxf5 36. Ne4) 35... f4+ 36. gxf4 gxf4+ $2 (36... exf4+ $16 37. Kd3 h5) 37. Kd3 Kf6 38. d5 (38. dxe5+ $18 {has better winning chances.} Kxe5 39. Kc3) 38... cxd5 $2 {[%mdl 8192] This costs Black the game.} (38... Nd7 $16) 39. Bxd5 Nd7 40. Nxb7 {[#] Hoping for Nd6.} Nb8 41. Nc5 Kg5 (41... Ke7 $142 42. Bc4 Kd6) 42. Ke2 Kh4 $2 (42... Kf6 43. Bc4 Ke7) 43. Kf2 Kg5 44. Bc4 (44. Be6 $142 Bxe6 45. Nxe6+ Kf6 46. Nc7) 44... Kf6 45. b5 axb5 $2 (45... Ke7 46. Nxa6 Bxa6 47. bxa6 Nc6) 46. Bxb5 {White is clearly winning.} Ke7 47. a6 Nxa6 48. Bxa6 {Accuracy: White = 66%, Black = 45%.} 1-0

[Event "HUN-ch Rapid 2020"]
[Site "Ajka"]
[Date "2020.07.19"]
[Round "11.11"]
[White "Ruck, Robert"]
[Black "Csonka, Balazs"]
[Result "1/2-1/2"]
[WhiteElo "2540"]
[BlackElo "2498"]
[Annotator "TA"]
[PlyCount "32"]
[EventDate "2020.07.17"]
[EventType "rapid"]
[EventCountry "HUN"]
[SourceTitle "playchess.com"]
[Source "ChessBase"]
[SourceQuality "1"]

{[%evp 19,32,15,27,0,18,12,10,10,10,13,8,0,16,15,21]} 1. Nf3 Nf6 2. g3 d5 3. Bg2 e6 4. O-O Be7 5. c4 O-O 6. b3 b6 7. Bb2 c5 8. cxd5 Nxd5 9. d4 Bb7 10. dxc5 Bxc5 11. Nc3 {A14: English Opening: 1...e6 with b3 by White.} Nd7 {[#] The position is equal.} 12. a3 $5 $146 {[%mdl 8] New and interesting.} ({Predecessor:} 12. h4 h6 13. Ne4 Be7 14. Qd4 N5f6 15. Nfd2 Qb8 16. Rac1 Rd8 17. Qc3 Rc8 18. Qd4 Rd8 19. Qc3 Rc8 20. Qd4 Rd8 21. Qc3 {½-½ (21) Andreikin,D (2722)-Leko,P (2674) Hengshui 2019}) 12... Rc8 {Black wants to play ...Nxc3.} 13. Nxd5 Bxd5 14. b4 Be7 $1 15. Qd2 Bxf3 16. exf3 Bf6 {Not much happened in this game.} 1/2-1/2

[Event "HUN-ch Rapid 2020"]
[Site "Ajka"]
[Date "2020.07.19"]
[Round "11.12"]
[White "Deak, Sandor"]
[Black "Balogh, Csaba"]
[Result "0-1"]
[WhiteElo "2281"]
[BlackElo "2580"]
[Annotator "TA"]
[PlyCount "82"]
[EventDate "2020.07.17"]
[EventType "rapid"]
[EventCountry "HUN"]
[SourceTitle "playchess.com"]
[Source "ChessBase"]
[SourceQuality "1"]

{[%evp 9,82,7,39,15,14,-4,-6,-30,-23,-33,-23,-23,0,-19,-8,-11,0,-8,-6,-154,-137,-195,-204,-205,-78,-142,-32,-156,-161,-219,-219,-255,-248,-247,-75,-78,-72,-265,-223,-219,-217,-255,-239,-247,-263,-269,-270,-839,-830,-880,-873,-911,-966,-1102,-842,-5609,-1135,-2367,-1264,-2076,-1306,-1242,-1150,-5205,-2929,-29983,-29984,-29984,-29985,-29988,-29989,-29987,-29988,-29990,-29991]} 1. d4 Nf6 2. c4 e6 3. Nc3 Bb4 4. Qc2 d6 5. e4 Nbd7 6. Bd3 {[#] E32: Nimzo-Indian: Classical (4 Qc2): 4...0-0.} c5 $146 ({Predecessor:} 6... e5 7. Nge2 O-O 8. O-O c6 9. a3 Ba5 10. Kh1 Bb6 11. Bg5 exd4 12. Na4 h6 {0-1 (40) Li,C (2687)-Vitiugov,N (2703) St Petersburg 2012}) 7. d5 Ne5 8. Nge2 {[#]The position is equal.} b5 $1 {[%mdl 512]} 9. b3 (9. cxb5 c4) 9... bxc4 10. bxc4 Nfd7 11. O-O Nxd3 12. Qxd3 Ne5 $36 {[%mdl 2048] Black is pushing.} 13. Qg3 O-O $1 14. f4 (14. Rd1 $11 {remains equal.}) 14... Nxc4 $17 15. f5 (15. dxe6 $17 {was called for.} fxe6 16. f5) 15... exf5 $1 $19 16. exf5 {[#]} Bxc3 (16... f6 $1 $19 {and Black stays clearly on top.} 17. Rb1 Qd7) 17. Nxc3 {[#]} (17. Qxc3 $142 Ba6 18. f6) 17... Qf6 (17... f6 $1 $17 {And now ...Rb8 would win.} 18. Rb1 Qe7) 18. Kh1 (18. Bg5 $15 Qe5 19. Qxe5 Nxe5 20. Be7) 18... Bxf5 $17 19. Bg5 (19. Rf4 $142 Nb6 20. Rf3) 19... Qg6 $19 20. Qf4 Bd3 21. Rf3 Ne5 $2 (21... f6 $19 22. Bh6 Rf7) 22. Rg3 $17 Qf5 23. Qd2 $2 {Now White is beyond hope.} (23. Qxf5 $17 Bxf5 24. Be7) 23... Rfe8 24. Bh6 g6 25. Bf4 {next Bxe5 is good for White.} c4 26. Nb5 Rad8 27. h3 a6 28. Bg5 $2 (28. Nc3) 28... axb5 $19 29. Bxd8 Rxd8 30. a4 bxa4 31. Rxa4 Rb8 32. Rb4 Rc8 33. Qc3 Qf1+ 34. Kh2 Qf4 35. Qe1 h5 {Strongly threatening ...h4.} 36. Kg1 Ra8 37. Rb2 h4 {Black mates.} 38. Re3 Qd4 39. Qf2 Ra1+ 40. Kh2 Rf1 41. Rb8+ {[#]} Kg7 $1 {Accuracy: White = 40%, Black = 69%.} 0-1

[Event "HUN-ch Rapid 2020"]
[Site "Ajka"]
[Date "2020.07.19"]
[Round "11.13"]
[White "Balog, Imre"]
[Black "Martini, Balazs"]
[Result "1-0"]
[WhiteElo "2567"]
[BlackElo "2339"]
[Annotator "TA"]
[PlyCount "104"]
[EventDate "2020.07.17"]
[EventType "rapid"]
[EventCountry "HUN"]
[SourceTitle "playchess.com"]
[Source "ChessBase"]
[SourceQuality "1"]

{[%evp 17,104,40,44,39,52,18,29,10,108,121,118,95,104,96,112,85,104,64,69,64,103,46,41,48,75,51,72,58,92,83,92,89,89,91,91,86,108,107,120,107,116,101,118,115,117,106,194,188,189,154,197,197,197,197,196,187,179,189,199,198,217,187,239,239,418,413,389,374,598,228,245,220,245,242,475,475,459,404,820,759,687,604,1119,1070,928,888,779,495,753]} 1. d4 Nf6 2. c4 g6 3. Nc3 Bg7 4. g3 O-O 5. Bg2 d6 6. Nf3 c6 7. O-O Bg4 8. h3 Bxf3 9. Bxf3 Nbd7 10. Qc2 {E62: King's Indian: Fianchetto: 6...c6 and Panno Variation (6...Nc6) without ...a6.} e5 11. e3 Re8 12. d5 {[#] White has an edge.} c5 $146 (12... cxd5 $11 13. cxd5 e4 14. Nxe4 Nxe4 15. Bxe4 Rc8) ({Predecessor:} 12... cxd5 13. cxd5 Rc8 14. e4 Nc5 15. Re1 b5 16. b4 Na4 17. Bd2 Nxd5 18. exd5 e4 19. Rxe4 Rxe4 20. Bxe4 Nxc3 21. Bxc3 Rxc3 {0-1 (29) Aymans,R (1719)-Gross,K (2119) Goch 2008}) 13. e4 $16 Rf8 14. Be2 Kh8 15. Bg5 a6 16. Kg2 Qe8 17. Rae1 Ng8 18. Bd3 Ne7 19. Nd1 ({White should try} 19. b3 $16) 19... f6 $14 20. Bd2 Rb8 21. f4 f5 22. exf5 Nxf5 {White now steadily converts the win.} 23. Bxf5 Rxf5 24. Ne3 Rf8 25. Bc3 b5 26. b3 b4 27. Bb2 a5 28. Ng4 {[%cal Be3g4,Bg4h2,Bh2f3,Bf3g5,Bg5e6][%mdl 32]} Qe7 29. Nh2 Rbe8 {[#]} 30. Nf3 $1 Bf6 31. h4 Qg7 (31... Kg8 $16) 32. fxe5 $18 Nxe5 33. Bxe5 Bxe5 34. Ng5 Qe7 35. Ne6 Rf6 {[#]} 36. Rxf6 $1 Bxf6 37. Rf1 Be5 38. Qe4 Kg8 39. Rf3 Bg7 (39... Kh8 $142 40. Rf1 Rc8) 40. Qg4 Ra8 $2 (40... a4 {was worth a try.} 41. bxa4 Ra8) 41. h5 gxh5 42. Qxh5 a4 (42... Qe8 {was necessary.} 43. Qg4 Qg6) 43. Rf4 $2 (43. Ng5 {[%csl Gg5][%cal Rh5h7]} h6 44. Ne6) 43... axb3 44. axb3 {Rg4 is the strong threat.} Be5 45. Rf5 $40 {[%mdl 128] White goes for the king.} Ra2+ $2 (45... Ba1 46. g4 Bd4) 46. Kh3 {White wants to mate with Qg5+.} Ra8 47. Nxc5 dxc5 (47... Bc3 $142) 48. Rxe5 {KQR-KQR. White is clearly winning.} Qd7+ 49. Re6 Qf7 50. Qg5+ Qg7 51. Qe3 Qa1 52. Kh4 Rf8 {Accuracy: White = 75%, Black = 57%.} (52... Qd4+ $142 53. Qxd4 cxd4) 1-0

[Event "HUN-ch Rapid 2020"]
[Site "Ajka"]
[Date "2020.07.19"]
[Round "11.14"]
[White "Horvath, Peter"]
[Black "Korpa, Bence"]
[Result "1/2-1/2"]
[WhiteElo "2409"]
[BlackElo "2545"]
[Annotator "TA"]
[PlyCount "53"]
[EventDate "2020.07.17"]
[EventType "rapid"]
[EventCountry "HUN"]
[SourceTitle "playchess.com"]
[Source "ChessBase"]
[SourceQuality "1"]

{[%evp 9,53,36,44,11,29,24,18,0,0,0,0,-16,0,0,0,0,15,-21,6,-24,-31,-36,-37,-30,-29,-24,13,-29,0,0,0,0,0,0,0,0,0,0,0,-38,-56,-57,0,0,0,0]} 1. d4 g6 2. c4 Bg7 3. Nf3 e6 4. Nc3 Ne7 5. Bg5 h6 6. Bh4 {[#] A40: Unusual replies to 1 d4.} g5 $146 ({Predecessor:} 6... O-O 7. e3 d6 8. Be2 Nd7 9. O-O f5 10. Bxe7 Qxe7 11. e4 Nf6 12. Qc2 Bd7 {0-1 (33) Norlamo,S (2014)-Keinanen,T (2462) Helsinki 2020}) 7. Bg3 Nf5 8. e4 Nxg3 9. hxg3 d6 10. Be2 c5 11. d5 exd5 12. cxd5 O-O 13. Bd3 Bd7 14. a4 Na6 {[%cal Bb8a6,Ba6b4,Bb4d3][%mdl 32]} 15. Nd2 Nb4 16. Nc4 Nxd3+ 17. Qxd3 Qe7 18. O-O f5 19. Rae1 Rae8 20. exf5 Qxe1 21. Rxe1 Rxe1+ 22. Kh2 Rxf5 {[#] Threatens to win with ...g4.} 23. Qd2 $1 {[%cal Rd2e1]} Rf1 {( -> ...g4)} 24. Nxd6 (24. f3 $5 {[%cal Rc4e3]}) 24... R5xf2 25. Qe3 $1 Bd4 (25... Rxb2 $15 26. Qe7 Bg4) 26. Qe7 $11 {[#]} Rh1+ $1 {[%mdl 512]} 27. Kxh1 {Accuracy: White = 71%, Black = 78%.} 1/2-1/2

[Event "HUN-ch Rapid 2020"]
[Site "Ajka"]
[Date "2020.07.19"]
[Round "11.15"]
[White "Hardicsay, Peter"]
[Black "Bagi, Mate"]
[Result "1/2-1/2"]
[WhiteElo "2205"]
[BlackElo "2478"]
[Annotator "TA"]
[PlyCount "97"]
[EventDate "2020.07.17"]
[EventType "rapid"]
[EventCountry "HUN"]
[SourceTitle "playchess.com"]
[Source "ChessBase"]
[SourceQuality "1"]

{[%evp 19,97,0,4,0,1,-16,-17,-25,-15,-18,-16,-23,4,20,39,40,40,29,21,16,17,24,18,20,18,18,29,27,41,31,33,34,45,32,20,8,24,0,0,0,47,-8,-8,-4,-7,-34,-15,-19,-8,-15,0,-29,0,0,0,0,0,0,0,0,0,0,0,0,0,0,0,0,20,3,431,135,382,382,368,355,312,0,0,0]} 1. Nf3 Nf6 2. c4 c5 3. Nc3 d5 4. cxd5 Nxd5 5. d4 Nxc3 6. bxc3 g6 7. g3 Bg7 8. Bg2 O-O 9. O-O Nc6 10. e3 Qc7 11. Qe2 {D75: Fianchetto Grünfeld: Main Line with 7...c5.} b6 12. Bb2 Bb7 13. Rac1 Rfd8 14. Rfd1 {[#]} Na5 $146 ({Predecessor:} 14... e6 15. h4 Na5 16. e4 Qc6 17. Ne5 Qa4 18. h5 Bxe5 19. dxe5 Nc4 20. Ba1 Nxe5 21. Rxd8+ Rxd8 {1-0 (32) Haritakis,T (2302)-Hadzimanolis,A (2317) Ermioni Argolidas 2005}) 15. Ne1 Rac8 16. d5 $1 c4 17. e4 e6 18. dxe6 fxe6 19. Nf3 Rd3 20. Rxd3 cxd3 21. Qxd3 Nc4 22. Ba1 Rd8 23. Qe2 e5 24. Bh3 {[#] Black must now prevent Be6+.} Bc8 25. Bxc8 Qxc8 26. Rd1 b5 27. a4 a6 28. axb5 axb5 29. Kg2 Qa8 30. Ng5 ({Better is} 30. Rxd8+ $14 Qxd8 31. Bb2) 30... Rxd1 31. Qxd1 Bf6 32. h4 Bxg5 33. hxg5 Qxe4+ 34. Kg1 Qa8 35. Kh2 (35. Bb2 $5) 35... Kf8 36. Qd7 {[%mdl 64] [#] Double Attack} Qe8 37. Qxh7 Qf7 38. Qh8+ Ke7 39. Kg1 Qf5 40. Qa8 Qd7 41. Kg2 Ke6 42. Qa6+ Nd6 43. Bb2 Kf5 44. Bc1 {White wants to play f3.} Ke4 $2 {[%mdl 8192]} (44... Qc7 $11) 45. Qa2 $2 (45. Ba3 $18 Kd5 46. Bxd6 Qxd6 47. Qxd6+ Kxd6 48. f4) 45... Kd3 $2 (45... Qf7 $16 46. Qc2+ Kd5) 46. Qd5+ $18 Kc2 47. Qd2+ Kb3 48. Qd5+ $2 (48. Kg1 $18 Qc6 49. Qb2+ Kc4 50. Qa2+ Kd3 51. Qe6) 48... Kc2 $1 $11 {[%cal Rc2c1]} 49. Qd2+ {Accuracy: White = 81%, Black = 74%.} 1/2-1/2